Quiz o Cyprze - Statystyki

Ogólne statystyki
  • Ten quiz został rozwiązany 1 609 razy
    1 599 od ostatniego zresetowania
  • Średni wynik to 12 z 20
Statystyki odpowiedzi
Zagadnienie Odpowiedź % Poprawnych
Które dwa kontynenty są najbliżej Cypru pod względem geograficznym? Azja
98%
Które dwa kontynenty są najbliżej Cypru pod względem geograficznym? Afryka
97%
Jaka jest stolica Cypru? Nikozja
94%
Jakie są dwa oficjalne języki Cypru? turecki
94%
Jakie są dwa oficjalne języki Cypru? grecki
91%
Osoba z Włoch nazywana jest Włochem. Jak nazywasz osobę z Cypru? Cypryjczyk
84%
Jakie imperium podbiło wyspę w 1570 roku? Imperium {Osmańskie}
82%
Cypr jest trzecią największą wyspą na Morzu Śródziemnym. Które dwie wyspy są większe? Sycylia
77%
Cypr jest trzecią największą wyspą na Morzu Śródziemnym.Które dwie wyspy są większe? Sardynia
73%
Jaka gałąź chrześcijaństwa jest wyznawana przez 78% populacji? Prawosławie
67%
Jakie nieuznawane państwo, założone po inwazji tureckiej w 1974 r., Kontroluje północną część państwa? Cypr Północny
66%
Który kraj ma bazy wojskowe na wyspie o nazwie Akrotiri i Dhekelia? Wielka Brytania
64%
Jakie imperium kontrolowało wyspę od 58 rpne do wypraw krzyżowych? Cesarstwo Rzymskie / Cesarstwo Bizantyjskie
61%
Jaka starożytna bogini urodziła się rzekomoz morskiej piany na wybrzeżu Cypru? Afrodyta
57%
Kto podbił wyspę w 333 roku pne? Aleksander Macedoński
42%
Jaka jest najwyższa góra na Cyprze? * Ma taką samą nazwę jak najwyższa góra w innym kraju Olimp
35%
Jaki król krucjaty na krótko podbił wyspę w 1191 roku? Ryszard I Lwie Serce
22%
Jakie białe warzywo z rodziny Brassica często uważa się za pochodzące z Cypru? Kalafior
20%
Jaka sztuka Szekspira o mauretańskim generalerozgrywała się głównie na Cyprze? Otello
11%
Jak nazywa się strefa buforowa ONZ, która oddziela dwie części państwa? {Strefa buforowa} ONZ-Cypr
11%
Nie znaleziono quizów pasujących do podanych kryteriów
Rozkład punktacji
Procent ludzi z każdym wynikiem
Percentyl według liczby udzielonych odpowiedzi
Twoja historia wyników
Nie rozwiązałeś tego quizu od ostatniego zresetowania